Russian Jets by NATO Nickname - Statistics

General Stats
  • This quiz has been taken 12 times
  • The average score is 18 of 40
Answer Stats
Hint Answer % Correct
Foxbat MiG-25
100%
Flanker Su-27 / J-11 Family
100%
Fishbed MiG-21
91%
Fulcrum MiG-29
91%
Fitter Su-7, Su-17, Su-20, Su-22
91%
Fagot MiG-15
82%
Flogger MiG-23 / MiG-27
82%
Frogfoot Su-25
82%
Farmer J-6 / MiG-19
73%
Fresco MiG-17 / J-5
73%
Foxhound MiG-31
73%
Flagon Su-15
73%
Fencer Su-24
73%
Fishpot Su-9 / Su-11
64%
Fullback Su-34
55%
Firkin Su-47
45%
Fargo MiG-9
36%
Felon Su-57
36%
Firebird J-10
27%
Fagin J-20
27%
Fishcan J-7
27%
Finback J-8
27%
FlatpackFoxglove MiG 1.44
27%
Fantan Q-5 / A-5
27%
Freestyle Yak-141
27%
Feather Yak-15 / Yak-17
27%
Firebar Yak-28
27%
Frank Yak-9
27%
Flounder JH-7
18%
Fiddler Tu-128
18%
Flora Yak-23
18%
Flashlight Yak-25
18%
Freehand Yak-36
18%
Forger Yak-38
18%
Faceplate Ye-2
18%
Fang La-11
9%
Fantail La-15
9%
Fin La-7
9%
Fritz La-9
9%
Flipper Ye-150
9%
No matching quizzes found
Score Distribution
Percent of People with Each Score
Percentile by Number Answered
Your Score History
You have not taken this quiz